[Event "Rheinhessen-ch HT1"]
[Site "Mainz"]
[Date "2009.04.10"]
[Round "6"]
[White "Meurer, Hans Guenter"]
[Black "Kohl, Philipp"]
[Result "1/2-1/2"]
[WhiteElo "1695"]
[BlackElo "1534"]
[PlyCount "40"]
[EventDate "2009.04.04"]
[EventType "swiss"]
[EventRounds "7"]
[EventCountry "GER"]
[SourceTitle "EXT 2011"]
[Source "ChessBase"]
[SourceDate "2010.11.26"]
[SourceVersion "1"]
[SourceVersionDate "2010.11.26"]
[SourceQuality "1"]

1. d4 d5 2. c4 c6 3. Nc3 Nf6 4. e3 e6 5. Nf3 Nbd7 6. Bd3 dxc4 7. Bxc4 b5 8. Be2 a6 9. 0-0 Bb7 10. a3 c5 11. dxc5 Nxc5 12. Qc2 Rc8 13. Bd2 Qc7 14. Nd4 Nce4 15. Bf3 Nxc3 16. Bxc3 Bxf3 17. Nxf3 Nd5 18. Rfc1 Nxc3 19. bxc3 Be7 20. Qb3 0-0 1/2-1/2